000 01094nam a2200217 a 4500
003 DO-SdBNP
005 20250221073756.0
007 ta
008 220914e20152017dr adb|fr|||| 001 0 spa d
020 _a9789945898460
040 _aDO-SdBNP
_bspa
_cBNPHU
082 4 _222
_bE96c
245 0 0 _aExportaciones en cifras República Dominicana 2015 - 2017. /
_cEdición/ corrección literaria, Alicia Delgado Mestres
260 _aSanto Domimgo :
_bONE,
_c2017
504 _aBibliografía: p. 41
505 _aPresentación.
_tResumen ejecutivo.--
_tIntroducción.--
_t1. Contexto general.--
_t2. Resultados generales.--
_t2.1 Exportaciones dominicanas y empresas exportadoras.--
_t2.1.1 Exportaciones dominicanas.--
_t2.1.2 Empresas exportadoras.--
_t2.2 Destino de las exportaciones dominicanas.--
_t2.3 Régimen de las exportaciones.--
_t2.4 Principales productos exportados.
_t2.5 Tipo de transporte de las exportaciones dominicanas.
700 1 _973478
_aDelgado Mestres, Alicia
_eed.
710 1 _aRepública Dominicana.
_bOficina Nacional de Estadística
_95775
910 _aMFeliz
942 _2ddc
_cLBS1
999 _c52389
_d52389